000 00210 a2200097 4500
001 76678
090 _c39192
_d39192
100 _aKhalifa
245 _aProphet & His Message
260 _bInstitute of Islamic Cul
942 _aNUST-CAE
_k297 KHA
999 _c311751
_d311751